10 plus grandes villes par région - Statistiques

Statistiques générales
  • Ce quiz a été pris 100 fois
  • Le résultat moyen est 71 sur 130
Statistiques - réponses
Population Ville % Correct
520 774 Lyon
95%
156 389 Grenoble
91%
2 113 705 Paris
87%
227 830 Rennes
87%
172 569 Saint-Étienne
86%
140 993 Brest
85%
238 695 Lille
85%
159 941 Dijon
84%
131 272 Annecy
82%
147 751 Clermont-Ferrand
82%
291 709 Strasbourg
81%
265 328 Bordeaux
80%
64 530 Quimper
80%
162 207 Villeurbanne
80%
511 684 Toulouse
79%
166 462 Le Havre
78%
121 695 Metz
76%
307 101 Montpellier
76%
104 387 Nancy
76%
47 255 Saint-Malo
76%
325 070 Nantes
75%
116 331 Rouen
75%
115 237 | 156 149 Saint-Denis
75%
108 398 Caen
74%
877 215 Marseille
74%
353 701 Nice
74%
138 668 Tours
74%
64 288 Valence
74%
87 013 Dunkerque
73%
116 344 Orléans
73%
134 780 Amiens
71%
120 057 Besançon
71%
157 555 Angers
69%
60 251 Chambéry
69%
104 924 Mulhouse
69%
180 834 Toulon
69%
54 955 Vannes
69%
150 444 Nîmes
68%
35 236 Auxerre
67%
145 182 Le Mans
67%
89 472 Poitiers
67%
178 478 Reims
67%
54 699 La Roche-sur-Yon
66%
120 996 Perpignan
66%
58 202 Lorient
65%
99 507 Roubaix
64%
120 205 Boulogne-Billancourt
62%
67 585 Calais
62%
67 360 Colmar
62%
79 961 La Rochelle
62%
147 933 Aix-en-Provence
60%
91 760 Avignon
60%
64 238 Bourges
60%
129 754 Limoges
60%
78 620 Pau
60%
43 079 Chateauroux
59%
78 028 Cherbourg-en-Cotentin
59%
53 312 Bayonne
58%
45 646 Belfort
58%
46 429 Carcassonne
58%
44 607 Saint-Brieuc
58%
47 092 Blois
56%
99 160 Tourcoing
56%
75 343 Ajaccio
55%
74 040 Cannes
55%
98 119 Nanterre
55%
62 443 Troyes
55%
42 979 Valenciennes
55%
92 859 Créteil
54%
49 474 Laval
54%
80 815 Béziers
53%
73 111 Saint-Nazaire
53%
48 335 Évreux
52%
34 759 Mâcon
52%
60 074 Niort
52%
44 592 Chalon-sur-Saône
51%
75 165 Fort-de-France
51%
56 692 Narbonne
51%
37 990 Chartres
48%
110 758 Montreuil
48%
33 172 Nevers
48%
85 254 Saint-Pierre
48%
55 906 Beauvais
47%
66 701 Vénissieux
47%
63 956 Cayenne
46%
62 487 Montauban
46%
52 995 Saint-Quentin
45%
45 090 Sète
45%
54 074 Cholet
44%
25 667 Alençon
42%
76 612 Antibes
42%
45 634 Charleville-Mézières
42%
106 220 Saint-Paul
42%
107 135 Argenteuil
41%
20 602 Fougères
41%
77 136 Mérignac
41%
42 778 Thionville
41%
50 605 Albi
40%
43 218 Châlons-en-Champagne
40%
58 499 Fréjus
40%
55 384 Hyères
39%
20 632 Concarneau
38%
71 437 Mamoudzou
36%
66 874 Pessac
36%
23 784 Dole
35%
81 964 Le Tampon
35%
25 516 Montbéliard
35%
95 282 Vitry-sur-Seine
34%
27 275 Sens
33%
46 769 Brive-la-Gaillarde
32%
62 905 La Seyne-sur-Mer
32%
28 599 Dieppe
31%
31 205 Dreux
31%
25 254 Vierzon
31%
38 432 Joué-lès-Tours
29%
48 740 Les Sables-d'Olonne
29%
94 285 Nouméa
28%
43 349 Rezé
27%
52 448 Vaulx-en-Velin
26%
90 692 Colombes
25%
57 546 Saint-André
24%
50 561 Saint-Herblain
24%
23 188 Lanester
22%
91 457 Asnières-sur-Seine
20%
22 988 Olivet
20%
25 954 Le Grand-Quevilly
19%
29 039 Sotteville-lès-Rouen
19%
62 342 Villeneuve-d'Asq
19%
28 653 Saint-Étienne-du-Rouen
16%
Aucun quiz correspondant
Distribution des résultats
% des personnes avec chaque résultat
Percentile par nombre de réponses
Votre historique - résultats
Vous n’avez pas pris ce quiz